Most Populous World Metros A-Z on a Map Quiz Stats

 Plays Quiz Updated Jan 5, 2018

Challenge
Share
Tweet
Score 0/26 Timer 04:00
0 Plays Today
% Correct
Cairo
97.2%
Beijing
97%
New York
94.5%
Paris
93.2%
Lagos
91.2%
Vancouver
89.1%
Tokyo
89.1%
Jakarta
88%
Delhi
87.8%
Istanbul
87.3%
Shanghai
85.5%
Rio de Janeiro
84%
Mexico City
80.7%
% Correct
Ouagadougou
76.2%
Karachi
54.9%
Hangzhou
52.2%
Guangzhou
49.7%
Xian-Xianyang
39%
Essen
39%
Yangon
30.4%
Wuhan
25.9%
Ahmedabad
22.6%
Urumqi
19.1%
Fukuoka
14.3%
Zhengzhou
7.9%
Qingdao
7.2%

You're not logged in!

Compare scores with friends on all Sporcle quizzes.
OR
Log In

You Might Also Like...

Show Comments

Extras

Top Quizzes Today


Score Distribution

Your Account Isn't Verified!

In order to create a playlist on Sporcle, you need to verify the email address you used during registration. Go to your Sporcle Settings to finish the process.

Report this User

Report this user for behavior that violates our Community Guidelines.

Details: